| 000 | 00490nam a2200157 i 4500 | ||
|---|---|---|---|
| 001 | 63814 | ||
| 003 | ES-MaACL | ||
| 005 | 20230906164956.0 | ||
| 007 | t| | ||
| 008 | 031217s1975 ve ||||1| spa d | ||
| 100 | 1 |
_aFigueroa Brett, Hugo. _950791 |
|
| 245 | 1 | 0 |
_aMetástasis _b: cuento / _cHugo Figueroa Brett. |
| 260 |
_aMaracaibo (Venezuela) : _bUniversidad del Zulia, Facultad de Humanidades y Educación, _c[1975] |
||
| 300 |
_a21 p. ; _c20 cm. |
||
| 852 |
_aES-MaACL _j2101-F-1 _bR.92455 |
||
| 999 |
_c63814 _d63814 |
||